Movies Quiz

Random Movies or Director Quiz

Double Dip: Author/Director Quiz Stats

 Plays Quiz Updated Feb 21, 2014

Challenge
Share
Tweet
Embed
Score 0/30 Timer 08:00
0 Plays Today
Work Author % Correct
The Lord of the RingsJ. R. R. Tolkien
93.4%
Charlie and the Chocolate FactoryRoald Dahl
89.2%
Pride and PrejudiceJane Austen
86.1%
A Tale of Two CitiesCharles Dickens
82.6%
To Kill a MockingbirdHarper Lee
82.3%
The Great GatsbyF. Scott Fitzgerald
81.6%
War and PeaceLeo Tolstoy
76.6%
The Lion, the Witch and the WardrobeC. S. Lewis
75%
Wuthering HeightsEmily Brontë
74.8%
The Grapes of WrathJohn Steinbeck
74.8%
The War of the WorldsH. G. Wells
71.7%
Les MisérablesVictor Hugo
71.2%
Moby-DickHerman Melville
69.2%
LolitaVladimir Nabokov
61.2%
Fahrenheit 451Ray Bradbury
57.9%
Work Author % Correct
Gone with the WindMargaret Mitchell
57.1%
Catch-22Joseph Heller
56.7%
Little WomenLouisa May Alcott
55.8%
The Hitchhiker's Guide to the GalaxyDouglas Adams
55.1%
Lord of the FliesWilliam Golding
54.2%
Fear and Loathing in Las VegasHunter S. Thompson
53.4%
One Flew Over the Cuckoo's NestKen Kesey
46.6%
DuneFrank Herbert
46.2%
The Princess BrideWilliam Goldman
44.3%
The TrialFranz Kafka
43.5%
Love in the Time of CholeraGabriel García Márquez
37.5%
Doctor ZhivagoBoris Pasternak
35.9%
The Name of the RoseUmberto Eco
32.4%
Howards EndE. M. Forster
25.8%
The French Lieutenant's WomanJohn Fowles
11.1%

You're not logged in!

Compare scores with friends on all Sporcle quizzes.
Join for Free
OR
Log In

You Might Also Like...

Show Comments

Extras

Top Quizzes Today


Score Distribution

Your Account Isn't Verified!

In order to create a playlist on Sporcle, you need to verify the email address you used during registration. Go to your Sporcle Settings to finish the process.

Report this User

Report this user for behavior that violates our Community Guidelines.

Details: